[Event "Quebec op"]
[Site "Montreal CAN"]
[Date "2011.07.29"]
[Round "8"]
[White "Gauthier, Denis"]
[Black "Bergeron, Rene"]
[Result "0-1"]
[WhiteElo "1996"]
[BlackElo "1587"]
[PlyCount "66"]
[GameId "2160767909649515"]
[EventDate "2011.07.23"]
[EventType "swiss"]
[EventRounds "9"]
[EventCountry "CAN"]
[SourceTitle "EXT 2022"]
[Source "ChessBase"]
[SourceDate "2021.10.06"]
[SourceVersion "1"]
[SourceVersionDate "2021.10.06"]
[SourceQuality "1"]

1. d4 d5 2. c4 e6 3. Nc3 Nf6 4. cxd5 exd5 5. Bg5 Be7 6. e3 O-O 7. Bd3 Nbd7 8. Nge2 c5 9. dxc5 Nxc5 10. O-O Nxd3 11. Qxd3 Be6 12. Rfd1 Qd6 13. Bf4 Qb6 14. Be5 Rfd8 15. a3 a6 16. b4 Rd7 17. Rac1 Qd8 18. Nd4 Ng4 19. Bg3 Bf6 20. f4 Bxd4 21. Qxd4 Rc8 22. h3 Nh6 23. Bf2 Rdc7 24. g4 f5 25. Qe5 Qd7 26. g5 Nf7 27. Qd4 Nd6 28. Kg2 Nb5 29. Nxb5 Rxc1 30. Rxc1 Rxc1 31. Qb2 Qc8 32. Nd4 Bd7 33. Ne2 Rc2 0-1

[Event "Quebec op"]
[Site "Montreal CAN"]
[Date "2011.07.29"]
[Round "8"]
[White "Goldner, John"]
[Black "Lemieux, Serge"]
[Result "1-0"]
[WhiteElo "1683"]
[BlackElo "1557"]
[PlyCount "33"]
[GameId "2160767909649517"]
[EventDate "2011.07.23"]
[EventType "swiss"]
[EventRounds "9"]
[EventCountry "CAN"]
[SourceTitle "EXT 2022"]
[Source "ChessBase"]
[SourceDate "2021.10.06"]
[SourceVersion "1"]
[SourceVersionDate "2021.10.06"]
[SourceQuality "1"]

1. e4 e6 2. d4 d5 3. Nc3 dxe4 4. Nxe4 Nf6 5. Bd3 Nc6 6. Nf3 Be7 7. c3 Bd7 8. h4 Nxe4 9. Bxe4 Bf6 10. Bf4 h6 11. Qd2 Rb8 12. O-O-O Be7 13. d5 exd5 14. Bxd5 O-O 15. Qc2 Bf6 16. Ng5 hxg5 17. hxg5 1-0

[Event "Quebec op"]
[Site "Montreal CAN"]
[Date "2011.07.29"]
[Round "8"]
[White "Laurain, Guy1"]
[Black "Yun, Chang"]
[Result "0-1"]
[WhiteElo "2091"]
[BlackElo "1881"]
[PlyCount "126"]
[GameId "2160767909649521"]
[EventDate "2011.07.23"]
[EventType "swiss"]
[EventRounds "9"]
[EventCountry "CAN"]
[SourceTitle "EXT 2022"]
[Source "ChessBase"]
[SourceDate "2021.10.06"]
[SourceVersion "1"]
[SourceVersionDate "2021.10.06"]
[SourceQuality "1"]

1. e4 c5 2. Nf3 d6 3. d4 cxd4 4. Nxd4 Nf6 5. Nc3 g6 6. Be2 Bg7 7. O-O O-O 8. Be3 Nc6 9. Nb3 Be6 10. f4 Na5 11. f5 Bc4 12. Nxa5 Bxe2 13. Qxe2 Qxa5 14. Rad1 Rab8 15. Bd4 Rfd8 16. Kh1 Nd7 17. Nd5 Re8 18. Qf2 Bxd4 19. Qxd4 Qc5 20. Qd3 Nb6 21. fxg6 fxg6 22. b3 Nxd5 23. Qxd5+ Qxd5 24. Rxd5 b5 25. Kg1 b4 26. Ra5 Rb7 27. a3 Rc8 28. Rf2 bxa3 29. Rxa3 Rc5 30. Kf1 Re5 31. Ra4 Rc7 32. Rd4 Ra5 33. Ke1 Ra2 34. Kd1 Ra1+ 35. Kd2 Rxc2+ 36. Kxc2 Ra2+ 37. Kc3 Rxf2 38. Ra4 Rxg2 39. Rxa7 Kf7 40. b4 Rxh2 41. b5 Rh1 42. Ra4 Rb1 43. Rb4 Rc1+ 44. Kd4 Ke6 45. b6 Rc8 46. Rb1 Kd7 47. b7 Rb8 48. Rh1 h5 49. Rg1 Rxb7 50. Rxg6 Rb1 51. Rh6 Rh1 52. e5 dxe5+ 53. Kxe5 h4 54. Kf4 h3 55. Kg3 e6 56. Rh7+ Kd6 57. Ra7 e5 58. Ra6+ Kd5 59. Ra5+ Ke4 60. Ra4+ Kf5 61. Ra5 Rg1+ 62. Kxh3 Kf4 63. Kh2 Rg7 0-1

[Event "Quebec op"]
[Site "Montreal CAN"]
[Date "2011.07.29"]
[Round "8"]
[White "Le Duin, Thierry"]
[Black "Arsenault, Nicolas"]
[Result "1-0"]
[WhiteElo "1877"]
[BlackElo "2164"]
[PlyCount "73"]
[GameId "2160767909649522"]
[EventDate "2011.07.23"]
[EventType "swiss"]
[EventRounds "9"]
[EventCountry "CAN"]
[SourceTitle "EXT 2022"]
[Source "ChessBase"]
[SourceDate "2021.10.06"]
[SourceVersion "1"]
[SourceVersionDate "2021.10.06"]
[SourceQuality "1"]

1. d4 e6 2. Nf3 f5 3. Bf4 Nf6 4. h3 Be7 5. e3 O-O 6. Bd3 b6 7. O-O Bb7 8. c4 Ne4 9. Nbd2 c5 10. Qc2 Nc6 11. Bxe4 fxe4 12. Qxe4 cxd4 13. Nxd4 Nxd4 14. Qxd4 Rf5 15. Ne4 Rc8 16. Nd6 Bxd6 17. Bxd6 Qg5 18. e4 h5 19. Rae1 Qg6 20. h4 Re8 21. Bg3 Rf7 22. Qe5 Rc8 23. b3 Rf6 24. Re3 Rff8 25. Rfe1 Rf6 26. Qd6 Rf7 27. Be5 Qh7 28. Qd4 Rd8 29. Rg3 d6 30. Bxd6 Rfd7 31. e5 Rf7 32. Qd3 Rf5 33. Rg5 g6 34. Rxf5 gxf5 35. Qg3+ Kf7 36. Qg5 Qh8 37. Qe7+ 1-0

[Event "Quebec op"]
[Site "Montreal CAN"]
[Date "2011.07.29"]
[Round "8"]
[White "Lebeau, Gilbert"]
[Black "Carrier, Claude"]
[Result "0-1"]
[WhiteElo "2052"]
[BlackElo "1985"]
[PlyCount "46"]
[GameId "2160767909649524"]
[EventDate "2011.07.23"]
[EventType "swiss"]
[EventRounds "9"]
[EventCountry "CAN"]
[SourceTitle "EXT 2022"]
[Source "ChessBase"]
[SourceDate "2021.10.06"]
[SourceVersion "1"]
[SourceVersionDate "2021.10.06"]
[SourceQuality "1"]

1. d4 Nf6 2. Nf3 d5 3. c4 g6 4. Nc3 Bg7 5. g3 O-O 6. Bg2 c5 7. cxd5 Nxd5 8. e4 Nxc3 9. bxc3 Nc6 10. Be3 Qa5 11. Qd2 Rd8 12. Rd1 Bg4 13. h3 cxd4 14. cxd4 Qxd2+ 15. Rxd2 Bxf3 16. Bxf3 Bxd4 17. Rc2 Bxe3 18. fxe3 Ne5 19. Kf2 Rac8 20. Re2 b5 21. Rb1 b4 22. Kg2 a5 23. Reb2 Rc3 0-1

[Event "Quebec op"]
[Site "Montreal CAN"]
[Date "2011.07.29"]
[Round "8"]
[White "Leitch, Darcy"]
[Black "He, Shao Hang"]
[Result "1-0"]
[WhiteElo "1872"]
[BlackElo "1546"]
[PlyCount "85"]
[GameId "2160767909649525"]
[EventDate "2011.07.23"]
[EventType "swiss"]
[EventRounds "9"]
[EventCountry "CAN"]
[SourceTitle "EXT 2022"]
[Source "ChessBase"]
[SourceDate "2021.10.06"]
[SourceVersion "1"]
[SourceVersionDate "2021.10.06"]
[SourceQuality "1"]

1. d4 Nf6 2. c4 e6 3. Nf3 d5 4. g3 Be7 5. Bg2 c6 6. Qc2 O-O 7. O-O Nbd7 8. Rd1 Re8 9. b3 Bd6 10. Bb2 e5 11. dxe5 Nxe5 12. Nxe5 Bxe5 13. Bxe5 Rxe5 14. cxd5 cxd5 15. Nc3 Bf5 16. Qd2 Ne4 17. Qd4 Nxc3 18. Qxe5 Nxd1 19. Rxd1 Be6 20. Bxd5 Rc8 21. e3 Rc5 22. e4 Kf8 23. Qd4 b6 24. Bxe6 Qxd4 25. Rxd4 fxe6 26. Rd7 Re5 27. Rxa7 Rxe4 28. Rb7 Rb4 29. Kf1 Rb5 30. Ke2 Re5+ 31. Kf1 Rb5 32. a4 Rxb3 33. a5 Ra3 34. axb6 Rb3 35. h4 Rb2 36. Kg2 Rb3 37. Kf1 Rb2 38. Ke1 Kg8 39. Kd1 Rxf2 40. Rc7 Rb2 41. b7 Rb1+ 42. Kc2 Rb5 43. Rc8+ 1-0

[Event "Quebec op"]
[Site "Montreal CAN"]
[Date "2011.07.29"]
[Round "8"]
[White "Lepine, Cedric"]
[Black "Enkh-Amar, Galbadrakh"]
[Result "1-0"]
[WhiteElo "1938"]
[BlackElo "2179"]
[PlyCount "55"]
[GameId "2160767909649526"]
[EventDate "2011.07.23"]
[EventType "swiss"]
[EventRounds "9"]
[EventCountry "CAN"]
[SourceTitle "EXT 2022"]
[Source "ChessBase"]
[SourceDate "2021.10.06"]
[SourceVersion "1"]
[SourceVersionDate "2021.10.06"]
[SourceQuality "1"]

1. d4 Nf6 2. c4 e6 3. Nc3 Bb4 4. a3 Bxc3+ 5. bxc3 O-O 6. e3 b6 7. Bd3 Bb7 8. f3 d5 9. Ne2 Nbd7 10. O-O Re8 11. Ng3 c5 12. cxd5 exd5 13. Ra2 Nf8 14. Re2 Rc8 15. Bb2 Ng6 16. Ree1 Rc7 17. e4 cxd4 18. cxd4 Nf4 19. e5 Nxd3 20. Qxd3 Nd7 21. f4 Nf8 22. Nf5 Re6 23. Nd6 Rh6 24. f5 Qh4 25. h3 Qd8 26. Rc1 Rxd6 27. exd6 Rc4 28. Rf4 1-0

[Event "Quebec op"]
[Site "Montreal CAN"]
[Date "2011.07.29"]
[Round "8"]
[White "Libersan, Thierry"]
[Black "Gelet, Seymour"]
[Result "1-0"]
[WhiteElo "2141"]
[BlackElo "2020"]
[PlyCount "71"]
[GameId "2160767909649528"]
[EventDate "2011.07.23"]
[EventType "swiss"]
[EventRounds "9"]
[EventCountry "CAN"]
[SourceTitle "EXT 2022"]
[Source "ChessBase"]
[SourceDate "2021.10.06"]
[SourceVersion "1"]
[SourceVersionDate "2021.10.06"]
[SourceQuality "1"]

1. e4 c5 2. Nf3 Nc6 3. d4 cxd4 4. Nxd4 Nf6 5. Nc3 e5 6. Ndb5 d6 7. Bg5 a6 8. Na3 b5 9. Nd5 Be7 10. Bxf6 Bxf6 11. c3 Ne7 12. Nxf6+ gxf6 13. Qh5 f5 14. Bd3 fxe4 15. Bxe4 Rb8 16. Nc2 Qc7 17. Ne3 Be6 18. Rd1 Rd8 19. O-O d5 20. Bf5 Nxf5 21. Nxf5 Rg8 22. Qxh7 Kd7 23. Ng7 Rh8 24. Nxe6 Kxe6 25. Qd3 f5 26. Rfe1 Qd6 27. h3 Rdg8 28. Kf1 Rg5 29. Rxe5+ Qxe5 30. Re1 Qxe1+ 31. Kxe1 f4 32. Kf1 Rhg8 33. Qf3 R8g7 34. Qxf4 Rxg2 35. Qe3+ Kf5 36. Qf3+ 1-0

[Event "Quebec op"]
[Site "Montreal CAN"]
[Date "2011.07.29"]
[Round "8"]
[White "Robichaud, Louis"]
[Black "Zhang, Zhiyuan"]
[Result "1-0"]
[WhiteElo "2183"]
[BlackElo "2046"]
[PlyCount "113"]
[GameId "2160767909649533"]
[EventDate "2011.07.23"]
[EventType "swiss"]
[EventRounds "9"]
[EventCountry "CAN"]
[SourceTitle "EXT 2022"]
[Source "ChessBase"]
[SourceDate "2021.10.06"]
[SourceVersion "1"]
[SourceVersionDate "2021.10.06"]
[SourceQuality "1"]

1. e4 c6 2. d3 d5 3. Nd2 g6 4. Ngf3 Bg4 5. h3 Bxf3 6. Qxf3 e6 7. g3 Bg7 8. Bg2 Ne7 9. O-O O-O 10. Re1 Nd7 11. Qe2 Re8 12. Nf3 Rc8 13. e5 Qc7 14. Bf4 c5 15. c3 a6 16. h4 Nc6 17. Rac1 b5 18. b3 Rb8 19. Qd2 Qb6 20. Re2 Ne7 21. Bh6 Qc7 22. Bxg7 Kxg7 23. Qf4 Rf8 24. g4 Nc6 25. g5 Rbc8 26. Rce1 Qa5 27. Rc1 Qc7 28. Bh3 Qb8 29. Rce1 Qc7 30. h5 a5 31. Qh4 Rh8 32. h6+ Kf8 33. Qf4 Ke7 34. Nh2 d4 35. c4 bxc4 36. bxc4 Nb4 37. Rd2 Nc6 38. Ng4 Qb8 39. Rde2 Nb4 40. Rd2 Nc6 41. Bg2 Rhg8 42. Rdd1 Rgd8 43. Rb1 Qc7 44. Bxc6 Qxc6 45. Nf6 Nxf6 46. Qxf6+ Ke8 47. Rb5 Rb8 48. Rxb8 Rxb8 49. Qh8+ Ke7 50. Qxb8 Qf3 51. Rb1 Qg4+ 52. Kf1 Qh3+ 53. Ke1 Qh1+ 54. Kd2 Kd7 55. Rb7+ Qxb7 56. Qxb7+ Kd8 57. Qxf7 1-0

[Event "Quebec op"]
[Site "Montreal CAN"]
[Date "2011.07.29"]
[Round "8"]
[White "Sasseville, Jean"]
[Black "Beladel, Brahim"]
[Result "1-0"]
[WhiteElo "1944"]
[BlackElo "1693"]
[PlyCount "107"]
[GameId "2160767909649535"]
[EventDate "2011.07.23"]
[EventType "swiss"]
[EventRounds "9"]
[EventCountry "CAN"]
[SourceTitle "EXT 2022"]
[Source "ChessBase"]
[SourceDate "2021.10.06"]
[SourceVersion "1"]
[SourceVersionDate "2021.10.06"]
[SourceQuality "1"]

1. Nf3 Nf6 2. c4 g6 3. Nc3 d5 4. cxd5 Nxd5 5. Qa4+ Nc6 6. Ne5 Nxc3 7. bxc3 Qd5 8. Nxc6 bxc6 9. e4 Qe6 10. Be2 Bg7 11. O-O O-O 12. Bc4 Qf6 13. Ba3 Rd8 14. d4 e5 15. Rad1 exd4 16. cxd4 Bd7 17. Qa5 Qf4 18. e5 Be8 19. g3 Qg4 20. f4 Qc8 21. Be7 Rd7 22. Qc5 Rxe7 23. Qxe7 Bf8 24. Qf6 Bg7 25. Qh4 Qf5 26. g4 Qe4 27. Qe1 Qc2 28. Bb3 Qb2 29. Qb4 Qe2 30. Qd2 Qxg4+ 31. Qg2 Qf5 32. Qg5 Qe4 33. f5 c5 34. fxg6 hxg6 35. Rfe1 Qf3 36. Re3 Qb7 37. Qxg6 Qxb3 38. Qxg7+ Kxg7 39. Rxb3 cxd4 40. Rxd4 Kf8 41. Rc4 c6 42. Rb7 a5 43. Rf4 Kg8 44. Kf2 Rd8 45. Ke3 c5 46. Rc7 Rd5 47. Ke4 Rd4+ 48. Kf5 Bd7+ 49. Kg5 Rd5 50. Kf6 Kf8 51. Rf2 Be6 52. Rb2 Rd8 53. Rxc5 Ra8 54. Rcb5 1-0

[Event "Quebec op"]
[Site "Montreal CAN"]
[Date "2011.07.29"]
[Round "8"]
[White "Seguin, Rene"]
[Black "Cote-Lalumiere, Tristan"]
[Result "0-1"]
[WhiteElo "1976"]
[BlackElo "1928"]
[PlyCount "60"]
[GameId "2160767909649536"]
[EventDate "2011.07.23"]
[EventType "swiss"]
[EventRounds "9"]
[EventCountry "CAN"]
[SourceTitle "EXT 2022"]
[Source "ChessBase"]
[SourceDate "2021.10.06"]
[SourceVersion "1"]
[SourceVersionDate "2021.10.06"]
[SourceQuality "1"]

1. e4 c5 2. Nf3 d6 3. d4 cxd4 4. Nxd4 Nf6 5. Nc3 g6 6. g3 Bg7 7. Bg2 O-O 8. O-O a6 9. h3 Qc7 10. a4 Nc6 11. Nde2 Bd7 12. Be3 Rac8 13. Qd2 Na5 14. b3 b6 15. Rac1 Nb7 16. g4 Bc6 17. Nd5 Nxd5 18. exd5 Bd7 19. Bd4 Nc5 20. Bxg7 Kxg7 21. Nd4 e5 22. dxe6 fxe6 23. Rfd1 Rf7 24. Ne2 Bc6 25. Qxd6 Qxd6 26. Rxd6 Bxg2 27. Kxg2 Ne4 28. Rxb6 Rxf2+ 29. Kg1 Rxe2 30. Rxe6 Rc3 0-1

[Event "Quebec op"]
[Site "Montreal CAN"]
[Date "2011.07.29"]
[Round "8"]
[White "Sprumont, Oscar"]
[Black "Auger, Bertrand"]
[Result "0-1"]
[WhiteElo "1757"]
[BlackElo "1961"]
[PlyCount "64"]
[GameId "2160767909649537"]
[EventDate "2011.07.23"]
[EventType "swiss"]
[EventRounds "9"]
[EventCountry "CAN"]
[SourceTitle "EXT 2022"]
[Source "ChessBase"]
[SourceDate "2021.10.06"]
[SourceVersion "1"]
[SourceVersionDate "2021.10.06"]
[SourceQuality "1"]

1. e4 e6 2. d4 d5 3. e5 c5 4. c3 Nc6 5. Nf3 Qb6 6. a3 Nh6 7. b4 cxd4 8. cxd4 Nf5 9. Bb2 Bd7 10. g4 Nh6 11. Rg1 Rc8 12. Nc3 Na5 13. Na4 Qc6 14. Rc1 Nc4 15. Bxc4 dxc4 16. Nc5 b6 17. Nxd7 Qxd7 18. Nd2 b5 19. Qf3 Be7 20. Ne4 Qd5 21. Qe3 O-O 22. Bc3 Kh8 23. Ra1 f6 24. exf6 Bxf6 25. Nc5 Bg5 26. Qe4 Rxc5 27. Qe2 Rc7 28. a4 Rcf7 29. axb5 Rf4 30. Bd2 Rxf2 31. Qxf2 Rxf2 32. Bxg5 Qf3 0-1

[Event "Quebec op"]
[Site "Montreal CAN"]
[Date "2011.07.29"]
[Round "8"]
[White "Tremblay, Alain"]
[Black "Gagnon, Serge"]
[Result "1/2-1/2"]
[WhiteElo "2113"]
[BlackElo "1972"]
[PlyCount "124"]
[GameId "2160767909649539"]
[EventDate "2011.07.23"]
[EventType "swiss"]
[EventRounds "9"]
[EventCountry "CAN"]
[SourceTitle "EXT 2022"]
[Source "ChessBase"]
[SourceDate "2021.10.06"]
[SourceVersion "1"]
[SourceVersionDate "2021.10.06"]
[SourceQuality "1"]

1. d4 d6 2. c4 e5 3. d5 f5 4. Nc3 Nf6 5. Nf3 Be7 6. g3 O-O 7. Bg2 Na6 8. O-O c5 9. a3 h6 10. e4 fxe4 11. Nd2 e3 12. fxe3 Bg4 13. Qe1 Qd7 14. Nde4 Nxe4 15. Nxe4 Rxf1+ 16. Qxf1 Rf8 17. Qe1 h5 18. b3 g5 19. Ra2 Bf3 20. Bxf3 Rxf3 21. Rf2 Qf5 22. Rxf3 Qxf3 23. Nf2 Kf7 24. Qd1 Qxd1+ 25. Nxd1 Nc7 26. Nc3 Kf6 27. Kf2 a6 28. a4 Kf5 29. h3 g4 30. e4+ Kg6 31. h4 a5 32. Bd2 b6 33. Nd1 Ne8 34. Nc3 Ng7 35. Kg2 Bd8 36. Nd1 Ne8 37. Ne3 Ng7 38. Kf2 Kf7 39. Ke2 Kg6 40. Kd3 Kf7 41. Nd1 Ne8 42. Nc3 Nc7 43. Ke2 Kg6 44. Nb1 Ne8 45. Kf2 Kg7 46. Na3 Nc7 47. Nc2 Ne8 48. Ne3 Kf7 49. Nf5 Be7 50. Bh6 Bf6 51. Ke2 Be7 52. Kd3 Bf6 53. Ke2 Be7 54. Kf2 Bf6 55. Bd2 Bd8 56. Bc1 Be7 57. Ke2 Bd8 58. Ke3 Be7 59. Kd3 Bd8 60. Bd2 Bf6 61. Bc1 Bd8 62. Kc2 Be7 1/2-1/2

[Event "Quebec op"]
[Site "Montreal CAN"]
[Date "2011.07.29"]
[Round "8"]
[White "Weston, Paul"]
[Black "Chevalier, Francois"]
[Result "1-0"]
[WhiteElo "1883"]
[BlackElo "1699"]
[PlyCount "67"]
[GameId "2160767909649541"]
[EventDate "2011.07.23"]
[EventType "swiss"]
[EventRounds "9"]
[EventCountry "CAN"]
[SourceTitle "EXT 2022"]
[Source "ChessBase"]
[SourceDate "2021.10.06"]
[SourceVersion "1"]
[SourceVersionDate "2021.10.06"]
[SourceQuality "1"]

1. e4 e6 2. d3 d5 3. Nd2 c5 4. g3 Bd6 5. Bg2 Ne7 6. Ne2 Nbc6 7. O-O Qc7 8. f4 f6 9. f5 d4 10. fxe6 Bxe6 11. a4 O-O 12. b3 a6 13. Nc4 Ng6 14. Nf4 Nxf4 15. gxf4 b5 16. Nxd6 Qxd6 17. f5 Bf7 18. Bf4 Ne5 19. axb5 axb5 20. Qd2 Qb6 21. Bxe5 fxe5 22. Kh1 Kh8 23. Qg5 Qf6 24. Qd2 Qb6 25. f6 gxf6 26. Rxa8 Rxa8 27. Qh6 Bg6 28. h4 Qe6 29. h5 Bf7 30. Rxf6 Qe8 31. Rf1 Bxh5 32. Qf6+ Kg8 33. Bh3 Bg6 34. Be6+ 1-0

[Event "Quebec op"]
[Site "Montreal CAN"]
[Date "2011.07.29"]
[Round "8"]
[White "Wu, Qiyou"]
[Black "Beaulieu, Pierre"]
[Result "0-1"]
[WhiteElo "1942"]
[BlackElo "1855"]
[PlyCount "122"]
[GameId "2160767909649542"]
[EventDate "2011.07.23"]
[EventType "swiss"]
[EventRounds "9"]
[EventCountry "CAN"]
[SourceTitle "EXT 2022"]
[Source "ChessBase"]
[SourceDate "2021.10.06"]
[SourceVersion "1"]
[SourceVersionDate "2021.10.06"]
[SourceQuality "1"]

1. e4 b6 2. d4 Bb7 3. Bd3 g6 4. Nf3 Bg7 5. O-O e6 6. Re1 d6 7. c3 Nd7 8. Nbd2 Ne7 9. Nf1 a6 10. Bf4 e5 11. dxe5 dxe5 12. Bg5 Nc5 13. Bc2 f6 14. Bh4 Qc8 15. N3d2 O-O 16. b4 Ne6 17. Bb3 Kh8 18. Qg4 Nf4 19. Qxc8 Raxc8 20. Bg3 Rfd8 21. Bxf4 exf4 22. Rac1 c5 23. Nc4 cxb4 24. cxb4 b5 25. Na5 Rxc1 26. Rxc1 Bxe4 27. Re1 f5 28. f3 Bd4+ 29. Kh1 Bc3 30. Re2 Bxb4 31. fxe4 Bxa5 32. h3 Bc3 33. Bc2 a5 34. Nh2 fxe4 35. Rxe4 Rd2 36. Bb3 a4 37. Nf3 axb3 38. Nxd2 Bxd2 39. axb3 Nf5 40. Re5 Ng3+ 41. Kg1 Be3+ 42. Kh2 b4 43. Re7 Nf1+ 44. Kh1 Nd2 45. Rb7 Bc5 46. Rb5 Nxb3 47. Kh2 g5 48. Rb8+ Kg7 49. Rd8 Be7 50. Rd7 Kf7 51. g3 Ke6 52. Rd3 Nc5 53. Rd4 b3 54. gxf4 gxf4 55. Rb4 Bf6 56. Rb6+ Kf5 57. Rb5 Bd4 58. Kg2 Ke4 59. h4 h5 60. Kf1 Kd3 61. Rb4 b2 0-1

[Event "Quebec op"]
[Site "Montreal CAN"]
[Date "2011.07.29"]
[Round "8"]
[White "Zhu, Hong Rui"]
[Black "Trottier, Emile"]
[Result "1-0"]
[WhiteElo "2002"]
[BlackElo "2032"]
[PlyCount "103"]
[GameId "2160767909649545"]
[EventDate "2011.07.23"]
[EventType "swiss"]
[EventRounds "9"]
[EventCountry "CAN"]
[SourceTitle "EXT 2022"]
[Source "ChessBase"]
[SourceDate "2021.10.06"]
[SourceVersion "1"]
[SourceVersionDate "2021.10.06"]
[SourceQuality "1"]

1. e4 e6 2. d4 d5 3. e5 c5 4. c3 Nc6 5. Nf3 Qb6 6. a3 Bd7 7. Be2 Rc8 8. O-O cxd4 9. cxd4 Nge7 10. b4 Nf5 11. Bb2 Be7 12. h3 a6 13. Qd2 Na7 14. Nc3 O-O 15. Rfc1 a5 16. bxa5 Qxa5 17. Bd3 Nh4 18. Nxh4 Bxh4 19. Qc2 Bg5 20. Rd1 Ba4 21. Qxa4 Qb6 22. Rab1 Ra8 23. Bc1 Qd8 24. Qc2 f5 25. Bxg5 Qxg5 26. Ne2 Nc6 27. f4 Qh4 28. Bb5 Ne7 29. Qd3 g5 30. Qg3 Qxg3 31. Nxg3 Rxa3 32. Ne2 g4 33. Kh2 Ng6 34. Rd3 Ra2 35. Rc3 h5 36. Rf1 h4 37. g3 Rb2 38. Bd3 Ra8 39. hxg4 Raa2 40. Rf2 b5 41. gxf5 exf5 42. Rc8+ Kf7 43. Rc7+ Ne7 44. gxh4 Ke6 45. h5 b4 46. Rg2 Ra8 47. Rg7 Re8 48. Bb5 b3 49. Bxe8 Rxe2+ 50. Kh3 Re3+ 51. Kh4 Ng6+ 52. Rxg6# 1-0

[Event "Quebec op"]
[Site "Montreal CAN"]
[Date "2011.07.30"]
[Round "9"]
[White "Barre, Michel"]
[Black "Weston, Paul"]
[Result "0-1"]
[WhiteElo "1854"]
[BlackElo "1883"]
[PlyCount "58"]
[GameId "2160767909649549"]
[EventDate "2011.07.23"]
[EventType "swiss"]
[EventRounds "9"]
[EventCountry "CAN"]
[SourceTitle "EXT 2022"]
[Source "ChessBase"]
[SourceDate "2021.10.06"]
[SourceVersion "1"]
[SourceVersionDate "2021.10.06"]
[SourceQuality "1"]

1. e4 d5 2. exd5 Nf6 3. d4 Nxd5 4. c4 Nb6 5. Nc3 Nc6 6. Be3 Bf5 7. a3 e6 8. Nf3 Be7 9. h3 O-O 10. Bd3 Bxd3 11. Qxd3 Na5 12. Nd2 c5 13. Ne2 cxd4 14. Bf4 Nc6 15. Rc1 e5 16. Bh2 f5 17. O-O e4 18. Qb3 Kh8 19. Nf4 d3 20. c5 Nd4 21. Qd1 Nd5 22. Rc4 Nxf4 23. Kh1 Nfe2 24. Be5 Bg5 25. Nb3 Nxb3 26. Qxb3 Qd5 27. Bc3 e3 28. Qb4 Nxc3 29. Qxc3 e2 0-1

[Event "Quebec op"]
[Site "Montreal CAN"]
[Date "2011.07.30"]
[Round "9"]
[White "Beaulieu, Pierre"]
[Black "Cote-Lalumiere, Tristan"]
[Result "0-1"]
[WhiteElo "1855"]
[BlackElo "1928"]
[PlyCount "78"]
[GameId "2160767909649550"]
[EventDate "2011.07.23"]
[EventType "swiss"]
[EventRounds "9"]
[EventCountry "CAN"]
[SourceTitle "EXT 2022"]
[Source "ChessBase"]
[SourceDate "2021.10.06"]
[SourceVersion "1"]
[SourceVersionDate "2021.10.06"]
[SourceQuality "1"]

1. e4 c5 2. Nf3 d6 3. Bc4 Nc6 4. d4 cxd4 5. Nxd4 Nf6 6. Nc3 g6 7. Nxc6 bxc6 8. e5 Ng4 9. e6 f5 10. Bf4 Qb6 11. O-O Bg7 12. Bxd6 exd6 13. Qxd6 Be5 14. Qd3 Ke7 15. Na4 Qc7 16. h3 Nf6 17. Rae1 Rd8 18. Qa3+ Bd6 19. Qc3 a5 20. a3 Ba6 21. g4 fxg4 22. hxg4 g5 23. Bxa6 Rxa6 24. Nc5 Bxc5 25. Qxc5+ Qd6 26. Qc4 Raa8 27. Rd1 Qf4 28. Qc5+ Rd6 29. f3 Nd5 30. Rd3 Qg3+ 31. Kh1 Qh3+ 32. Kg1 Qg3+ 33. Kh1 Rad8 34. Qa7+ Kxe6 35. Qxh7 Rf8 36. Qg6+ Nf6 37. Rxd6+ Qxd6 38. Re1+ Kd7 39. Qg7+ Kd8 0-1

[Event "Quebec op"]
[Site "Montreal CAN"]
[Date "2011.07.30"]
[Round "9"]
[White "Bergeron, Rene"]
[Black "Sprumont, Oscar"]
[Result "1/2-1/2"]
[WhiteElo "1587"]
[BlackElo "1757"]
[PlyCount "30"]
[GameId "2160767909649551"]
[EventDate "2011.07.23"]
[EventType "swiss"]
[EventRounds "9"]
[EventCountry "CAN"]
[SourceTitle "EXT 2022"]
[Source "ChessBase"]
[SourceDate "2021.10.06"]
[SourceVersion "1"]
[SourceVersionDate "2021.10.06"]
[SourceQuality "1"]

1. c4 e6 2. Nc3 d5 3. d4 Be7 4. e4 dxe4 5. Nxe4 Nf6 6. Nxf6+ Bxf6 7. Nf3 Nc6 8. Be3 O-O 9. Be2 Ne7 10. O-O Nf5 11. Qd2 Nxe3 12. Qxe3 c6 13. Rad1 Qc7 14. b4 Rd8 15. Ne5 Bxe5 1/2-1/2

[Event "Quebec op"]
[Site "Montreal CAN"]
[Date "2011.07.30"]
[Round "9"]
[White "Brunet, Guy"]
[Black "Wu, Qiyou"]
[Result "0-1"]
[WhiteElo "1534"]
[BlackElo "1942"]
[PlyCount "138"]
[GameId "2160767909649554"]
[EventDate "2011.07.23"]
[EventType "swiss"]
[EventRounds "9"]
[EventCountry "CAN"]
[SourceTitle "EXT 2022"]
[Source "ChessBase"]
[SourceDate "2021.10.06"]
[SourceVersion "1"]
[SourceVersionDate "2021.10.06"]
[SourceQuality "1"]

1. d4 d5 2. Nf3 Nf6 3. Bf4 e6 4. e3 Bd6 5. Bxd6 Qxd6 6. c3 O-O 7. Bd3 Nbd7 8. O-O c5 9. Nbd2 b6 10. e4 dxe4 11. Nxe4 Qe7 12. dxc5 Nxc5 13. Nxc5 Qxc5 14. Qe2 Bb7 15. Rad1 Rad8 16. Bc2 Qh5 17. Rxd8 Rxd8 18. Rd1 Rxd1+ 19. Bxd1 Bxf3 20. Qxf3 Qxf3 21. Bxf3 Kf8 22. Kf1 Ke7 23. Ke2 Kd6 24. Kd3 Nd7 25. Be2 Kd5 26. b3 g5 27. Ke3 f5 28. f4 h6 29. g3 e5 30. fxe5 Kxe5 31. c4 Nc5 32. Bf1 a5 33. Be2 Na6 34. a3 a4 35. b4 Nxb4 36. Bd1 Nc6 37. Bxa4 Nd4 38. h4 gxh4 39. gxh4 f4+ 40. Kf2 Ke4 41. h5 Kd3 42. Bb5 Kc3 43. a4 Kb4 44. Kg2 Kc3 45. Kf2 Kd2 46. Bd7 Kd3 47. Bb5 Ke4 48. Bd7 Ke5 49. Bb5 Kf6 50. Bd7 Nb3 51. Kf3 Kg5 52. Be8 Nd2+ 53. Ke2 Nxc4 54. Kf3 Ne5+ 55. Ke4 Ng4 56. Kf3 Nf6 57. Bg6 Nxh5 58. Bxh5 Kxh5 59. Kxf4 Kg6 60. Kg4 Kf6 61. Kh5 Ke5 62. Kxh6 Kd4 63. Kg5 Kc4 64. Kf4 Kb4 65. Ke3 Kxa4 66. Kd2 Kb3 67. Kc1 b5 68. Kb1 b4 69. Ka1 Kc2 0-1